LEADER 01234nam a2200277 i 4500 001 000000050033 003 CaOOAMICUS 005 20110112000000.0 008 110112s1996 it u000 u ita u 013 $a21204 020 $a88-8053-045-3 040 $aSeMil$bita 245 13$aLa celebrazione eucaristica nel Messale romano e ambrosiano :$btesto e commento /$ca cura di Rinaldo Falsini, Claudio Magnoli. 260 $aMilano :$bO.R.,$c1996. 300 $a87 p. ;$c21 cm. 490 0 $aRiti : testi e commenti ;$v2 650 4$aEucaristia - Teologia liturgica.$0(OLS)http://semarc/subject/385 700 1 $aFalsini, Rinaldo,$c.$0(OLS)http://semarc/name/314 700 1 $aMagnoli, Claudio,$c.$0(OLS)http://semarc/name/1327 830 0$aRiti ;$v2.$0(OLS)http://semarc/title/12586 850 $aSeMil 852 $aSeMil$W1$xVenegono$y1$m3K III 350$j16188$B16188$CSeMilBibl$Z2$F16188 $81 961 $aOmaggio: Scuola Cattolica 996 $6020$a88-8053-045-3$9(OLS)http://semarc/number/23624 996 $6245$aLa celebrazione eucaristica nel Messale romano e ambrosiano :$btesto e commento$9(OLS)http://semarc/title/76304 996 $6260$aMilano :$bO.R.$9(OLS)http://semarc/publisher/29789 LEADER 00750nam a2200193 i 4500 001 000000209202 003 CaOOAMICUS 005 20111209000000.0 008 111209n it u000 u ita u 013 $a187991 040 $aSeMil$bita 245 10$a5: Dal tornado napoleonico al primo Risorgimento. 300 $a479 p. :$bill. 700 1 $aMontanelli, Indro <1909-2001>.$0(OLS)http://semarc/name/6356 773 0 $aMontanelli, Indro <1909-2001>$tStoria d'Italia.$dMilano : Rizzoli, 1979.$g5$w()25972 850 $aSeMil 852 $aSeMil$W1$xVenegono$y1$m3U VI 197$j159654$B159654$CSeMilBibl$Z2$F170709 $81 961 $aOmaggio: Ciprandi dott. Paolo 996 $6245$a5: Dal tornado napoleonico al primo Risorgimento$9(OLS)http://semarc/title/302410